Guess the 1970s song lyrics #353 - Statistics

General Stats
  • This quiz has been taken 67 times
  • The average score is 203 of 349
Answer Stats
Answer % Correct
a
98%
I
96%
the
96%
The
96%
is
90%
to
90%
To
90%
who
85%
Who
85%
you
85%
go
83%
she
83%
And
81%
and
81%
are
81%
In
81%
in
81%
can
79%
me
79%
there
79%
There
79%
we
79%
be
77%
When
77%
when
77%
know
75%
on
75%
that
75%
if
73%
If
73%
what
73%
for
71%
heaven
71%
Heaven
71%
it
71%
all
69%
by
69%
get
69%
your
69%
Your
69%
lady
67%
stairway
67%
There's
65%
there's
65%
With
65%
with
65%
gold
62%
hear
62%
of
62%
she's
62%
glitters
58%
my
58%
sure
58%
knows
56%
buying
54%
who's
54%
don't
52%
gets
52%
have
52%
it's
52%
It's
52%
just
52%
not
52%
you're
52%
as
50%
came
50%
Oh
50%
oh
50%
road
50%
us
50%
down
48%
look
48%
one
48%
our
48%
Our
48%
Then
48%
word
48%
at
46%
but
46%
closed
46%
makes
46%
two
46%
will
46%
head
44%
day
42%
now
42%
wants
42%
wind
42%
How
40%
stores
40%
wonder
40%
feeling
38%
yeah
38%
Cause
37%
did
37%
sometimes
37%
Sometimes
37%
won't
37%
words
37%
May
35%
West
35%
brook
33%
call
33%
him
33%
meanings
33%
thoughts
33%
hedgerow
31%
new
31%
Ooh
31%
ooh
31%
run
31%
sings
31%
tree
31%
bustle
29%
laughter
29%
long
29%
rock
29%
roll
29%
seen
29%
songbird
29%
stand
29%
time
29%
very
29%
whispering
29%
change
27%
everything
27%
queen
27%
really
27%
those
27%
Yes
27%
blow
25%
come
25%
echo
25%
lies
25%
paths
25%
piper
25%
sign
25%
alarmed
23%
crying
23%
hard
23%
last
23%
listen
23%
misgiven
23%
spirit
23%
still
23%
wall
23%
calling
21%
case
21%
Dear
21%
forests
21%
light
21%
than
21%
tune
21%
turns
21%
dawn
19%
lead
19%
spring
19%
through
19%
clean
17%
join
17%
leaving
17%
piper's
17%
reason
17%
show
17%
walks
17%
looking
15%
rings
15%
shines
15%
smoke
15%
soon
15%
trees
15%
voices
15%
whispered
15%
white
15%
humming
13%
shadows
12%
soul
10%
taller
10%
woah
6%
No matching quizzes found
Score Distribution
Percent of People with Each Score
Percentile by Number Answered
Your Score History
You have not taken this quiz